Ayurveda, Nation and Society: (Record no. 206072)

MARC details
000 -LEADER
fixed length control field 00579nam a22001817a 4500
005 - DATE AND TIME OF LATEST TRANSACTION
control field 20241003105637.0
010 ## - LCCN (DPL NO)
LC control number ENG-141873
020 ## - INTERNATIONAL STANDARD BOOK NUMBER
International Standard Book Number 9789354428517
Terms of availability 1400.00
035 ## - SYSTEM CONTROL NUMBER
System control number EN-125405
037 ## - SOURCE OF ACQUISITION
Source of stock number/acquisition DBAD
082 ## - DEWEY DECIMAL CLASSIFICATION NUMBER
Classification number 615.2
Edition number 1
100 ## - MAIN ENTRY--PERSONAL NAME
Personal name Rai, Saurav Kumar
245 ## - TITLE STATEMENT
Title Ayurveda, Nation and Society:
Remainder of title United Provinces, c. 1890-1950/
Statement of responsibility, etc by Saurav Kumar Rai
260 ## - PUBLICATION, DISTRIBUTION, ETC. (IMPRINT)
Place of publication, distribution, etc Hyderabad
Name of publisher, distributor, etc Orient BlackSwan
Date of publication, distribution, etc 2024
270 ## - ADDRESS
Address 3-6-752 Himayatnagar
City Hyderabad (Telangana)
Postal code 500029
300 ## - PHYSICAL DESCRIPTION
Extent xxviii,264p.
Dimensions 22cm(Hb)
942 ## - ADDED ENTRY ELEMENTS (KOHA)
Source of classification or shelving scheme Dewey Decimal Classification
Item type English Books
Classification part 615.2
Call number suffix RAI
Holdings
Withdrawn status Lost status Not for loan Collection code Home library Current library Date acquired Source of acquisition Cost, normal purchase price Full call number Barcode Copy number Cost, replacement price Koha item type
    Not For Loan Non-fiction D.B.Act.Division D.B.Act.Division 03/10/2024 Delivery of Books Act Division 1400.00 615.2 RAI EN-125405 1 1400.00 English Books

© Delhi Public Library
Hit Counter
free hit counter